[Event "ESP-ch U14"]
[Site "Salobrena"]
[Date "2023.07.20"]
[Round "6"]
[White "Guillen Martinez, Hugo"]
[Black "Mata Medina, Andres"]
[Result "1-0"]
[WhiteElo "1802"]
[BlackElo "1699"]
[PlyCount "73"]
[EventDate "2023.07.17"]
[EventType "swiss"]
[EventRounds "9"]
[EventCountry "ESP"]
[SourceTitle "EXT 2024"]
[Source "ChessBase"]
[SourceDate "2023.10.10"]
[SourceVersion "1"]
[SourceVersionDate "2023.10.10"]
[SourceQuality "1"]

1. e4 c5 2. c4 Nc6 3. Nc3 g6 4. g3 Bg7 5. Bg2 a6 6. a4 d6 7. Nge2 Ne5 8. d3 Bg4 9. f4 Bf3 10. Kf2 Bxg2 11. Kxg2 Nc6 12. Be3 Nh6 13. h3 Nd4 14. Rb1 0-0 15. b4 b6 16. g4 Kh8 17. Qd2 Ng8 18. Ng3 e6 19. g5 Ne7 20. h4 d5 21. h5 Ndc6 22. h6 Bd4 23. Bxd4+ Nxd4 24. Qb2 Qd6 25. Nce2 dxc4 26. dxc4 Rad8 27. Rhd1 e5 28. bxc5 bxc5 29. Qd2 Nec6 30. Rb6 Qc7 31. a5 Nf5 32. Rxc6 Ne3+ 33. Qxe3 Qxc6 34. Rd5 exf4 35. Qxf4 Kg8 36. Qe5 f6 37. Qe7 1-0